| 000 | 01042nam a2200301Ia 4500 | ||
|---|---|---|---|
| 003 | OSt | ||
| 005 | 20221007121722.0 | ||
| 006 | a|||||r|||| 00| 0 | ||
| 007 | ta | ||
| 008 | 221006b |||||||| |||| 00| 0 eng d | ||
| 020 |
_a818653525X^bpbk _cRs.295.00 |
||
| 024 | _a6316 | ||
| 037 |
_bPanima, _cTextual |
||
| 040 |
_aBDL _cBDL _beng |
||
| 041 |
_2eng _aeng |
||
| 082 | _aG11, N9 | ||
| 100 |
_aWalker J M Ed _9414340 |
||
| 245 | 0 |
_aMolecular biology and biotechnology ed by J M Walker and E B Gingold _b Gingold E B Ed |
|
| 250 | _aEd 3 | ||
| 260 |
_aNew _bDelhi Panima Publishing Corporation _c1999 |
||
| 300 |
_axvi,428p _ccm. |
||
| 500 | _aIndex 417-428p; ^n23/CSL/Carb/99-2000/349^b1999-09-02^mPurchase; ; 99-2000/171^b1999-09-27^c14210/99^d1999-09-22^ePanima Educational Book Agency; ; 1999-09-28^c1999-09-28 | ||
| 650 |
_a Cell _9650605 |
||
| 650 | _aBiology | ||
| 700 |
_a Gingold E B Ed _9414341 |
||
| 942 |
_hG11, N9 _cTEXL _2CC |
||
| 999 |
_c1209241 _d1209241 |
||